Nghiên cứu chiết tách, xác định thành phần và cấu tạo một số hợp chất hóa học trong quả quất

Tổng quan .Nguyên liệu và phương pháp nghiên cứu. Kết quả và thảo luận

Đã lưu trong:
書目詳細資料
主要作者: Huỳnh Bảo Ngọc
其他作者: Đào Hùng Cường PGS.TS (Hướng dẫn)
格式: 圖書
語言:Vietnamese
出版: Đà Nẵng Đại học Đà Nẵng 2010
主題:
標簽: 添加標簽
沒有標簽, 成為第一個標記此記錄!
Thư viện lưu trữ: Mạng thư viện Đại học Đà Nẵng
LEADER 01409nam a2200349 4500
001 000010502
003 6707
005 20111214101255.0
008 111214s2010 viesd
041 |a vie 
072 |a Luận văn Thạc sĩ Khoa học 
082 |a 664.80434  |b HU-N 
100 |a Huỳnh Bảo Ngọc 
245 |a Nghiên cứu chiết tách, xác định thành phần và cấu tạo một số hợp chất hóa học trong quả quất  |c Huỳnh Bảo Ngọc 
260 |a Đà Nẵng  |b Đại học Đà Nẵng  |c 2010 
300 |a 81tr.  |c 29 cm 
500 |a Luận văn Thạc sĩ Khoa học. Chuyên ngành: Hóa hữu cơ. Mã số: 60.44.27 
520 |a Tổng quan .Nguyên liệu và phương pháp nghiên cứu. Kết quả và thảo luận 
653 |a Hóa học 
653 |a Luận văn Thạc sĩ 
653 |a Quả quất 
700 |a Đào Hùng Cường  |c PGS.TS  |e Hướng dẫn 
OWN |a LSP 
AVA |a UDN50  |b LSP  |d 664.80434 HU-N  |e available  |t Error 5001 Not defined in file expand_doc_bib_avail.  |f 1  |g 0  |h N  |i 0  |k 1 
999 |a From the UDN01 
AVA |a UDN50  |b LSP  |d 664.80434 HU-N  |e available  |t Error 5001 Not defined in file expand_doc_bib_avail.  |f 1  |g 0  |h N  |i 0  |k 1 
TYP |a Monograph 
TYP |a Printed language 
980 |a Mạng thư viện Đại học Đà Nẵng